000 01006nam a22002297a 4500
999 _c64671
_d64671
005 20240530110744.0
008 181118s2018 ua g b 000 0 ara d
017 _a2016/14558
_bمصر. دار الكتب
020 _a9789772122716
040 _aEG-CaGPL
_cEG-CaGPL
082 0 4 _221
_a953.0721 /
_bش ف
100 0 _aشاهندة سعيد منصور
245 1 0 _aفى تاريخ المغرب الاسلامى :
_bطنجة منذ الفتح العربى حتى نهاية عصر الموحدين : ( 86 - 668 هـ / 705 - 1269 م ) /
_cشاهندة سعيد منصور
260 _aالاسكندرية :
_bمؤسسة شباب الجامعة ،
_c2018.
300 _a388 ص. ؛
_c24 سم.
504 _aيشتمل على ارجاعات ببليوجرافية
650 _2qrmak
651 0 7 _2qrmak
_aالمغرب
_xتاريخ
_yالعصر الاسلامى
651 0 7 _2qrmak
_aطنجة
_xتاريخ
_yالعصر الاسلامى
942 _2ddc
_cBK